Vì sao nên dùng dương lịch

保存先:
書誌詳細
第一著者: Nguyễn Xiển
フォーマット: 図書
言語:Undetermined
出版事項: Hà Nội Phổ Thông 1977
主題:
タグ: タグ追加
タグなし, このレコードへの初めてのタグを付けませんか!
Thư viện lưu trữ: Trung tâm Học liệu Trường Đại học Cần Thơ
LEADER 00500nam a2200181Ia 4500
001 CTU_2037
008 210402s9999 xx 000 0 und d
082 |a 529.3 
082 |b X305 
100 |a Nguyễn Xiển 
245 0 |a Vì sao nên dùng dương lịch 
245 0 |c Nguyễn Xiển 
260 |a Hà Nội 
260 |b Phổ Thông 
260 |c 1977 
650 |a calendar, gregorian 
904 |i Minh, 960821 
980 |a Trung tâm Học liệu Trường Đại học Cần Thơ